|
|
|
|
| LEADER |
01097nam a22002537a 4500 |
| 001 |
31007 |
| 003 |
BD-DhAAL |
| 005 |
20160328104120.0 |
| 008 |
160328s2007 bg b 000 0 eng d |
| 020 |
|
|
|a 9848715142
|
| 040 |
|
|
|a BD-DhAAL
|c BD-DhAAL
|
| 082 |
0 |
0 |
|a 891.4430108
|
| 245 |
0 |
0 |
|a Arshilata :
|b women's fiction from India and Bangladesh /
|c edited by Niaz Zaman
|
| 260 |
|
|
|a Dhaka :
|b writers.ink,
|c 2007
|
| 300 |
|
|
|a 186 p. :
|c 22 cm
|
| 526 |
|
|
|a ENH
|
| 541 |
|
|
|e 31007, 31008
|
| 650 |
|
0 |
|a Short stories, Bengali
|x Translations into English.
|z Bangladesh
|9 18818
|
| 650 |
|
0 |
|a Short stories, Indic
|x Translations into English.
|9 18819
|
| 700 |
1 |
|
|a Zaman, Niaz
|9 18820
|
| 942 |
|
|
|2 ddc
|c BK
|
| 999 |
|
|
|c 37234
|d 37234
|
| 952 |
|
|
|0 0
|1 0
|2 ddc
|4 0
|6 891_443010800000000_ARS
|7 0
|9 58527
|a BRACUL
|b BRACUL
|c GEN
|d 2016-03-28
|e Writers.ink
|g 375.00
|l 2
|m 3
|o 891.4430108 ARS
|p 3010031007
|r 2025-05-22
|s 2025-05-06
|t 1
|w 2016-03-28
|y BK
|
| 952 |
|
|
|0 0
|1 0
|2 ddc
|4 0
|6 891_443010800000000_ARS
|7 0
|9 58528
|a BRACUL
|b BRACUL
|c GEN
|d 2016-03-28
|e Writers.ink
|g 375.00
|l 5
|m 85
|o 891.4430108 ARS
|p 3010031008
|r 2025-04-15
|s 2024-10-04
|t 2
|w 2016-03-28
|y BK
|